.exe icons of videogames - Statistics

General Stats
  • This quiz has been taken 508 times
  • The average score is 16 of 28
Answer Stats
Picture Answer % Correct
Minecraft
100%
Among Us
98%
Clash of Clans
96%
League of Legends
92%
Subway Surfers
90%
World of Warcraft
88%
Plants vs. Zombies
87%
The Elder Scrolls V: Skyrim
85%
Counter-Strike
76%
Brawl Stars
75%
Half-Life
75%
Undertale
73%
Garry's Mod
70%
Grand Theft Auto: San Andreas
70%
Forza Horizon
66%
Hearthstone
53%
Rust
50%
Dota 2
49%
Fallout
49%
Minesweeper
45%
Quake
42%
Borderlands
31%
Baldur's Gate
15%
Serious Sam
13%
Duke Nukem 3D
10%
Deus Ex
9%
Gothic II
8%
Dwarf Fortress
6%
No matching quizzes found
Score Distribution
Percent of People with Each Score
Percentile by Number Answered
Your Score History
You have not taken this quiz